Nunn's Applied Respiratory Physiology / (Record no. 8028)

MARC details
000 -LEADER
fixed length control field 00614nam a22002177a 4500
003 - CONTROL NUMBER IDENTIFIER
control field OSt
005 - DATE AND TIME OF LATEST TRANSACTION
control field 20220912130741.0
008 - FIXED-LENGTH DATA ELEMENTS--GENERAL INFORMATION
fixed length control field 150519b xxu||||| |||| 00| 0 eng d
020 ## - INTERNATIONAL STANDARD BOOK NUMBER
International Standard Book Number 9780750613361
020 ## - INTERNATIONAL STANDARD BOOK NUMBER
International Standard Book Number 0705061336X
040 ## - CATALOGING SOURCE
Transcribing agency DNLM
082 ## - DEWEY DECIMAL CLASSIFICATION NUMBER
Classification number WF 102 N923a 1987
100 ## - MAIN ENTRY--PERSONAL NAME
Personal name Nunn J F
9 (RLIN) 4689
245 ## - TITLE STATEMENT
Title Nunn's Applied Respiratory Physiology /
Statement of responsibility, etc. J F Nunn
250 ## - EDITION STATEMENT
Edition statement 4th ed.
260 ## - PUBLICATION, DISTRIBUTION, ETC. (IMPRINT)
Place of publication, distribution, etc. Oxford:
Name of publisher, distributor, etc. Reed Educational and Professional Publishing Ltd;
Date of publication, distribution, etc. 1987
300 ## - PHYSICAL DESCRIPTION
Extent xvii, 658 P :
Other physical details ill;
Dimensions 27 cm.
504 ## - BIBLIOGRAPHY, ETC. NOTE
Bibliography, etc Includes index
650 ## - SUBJECT ADDED ENTRY--TOPICAL TERM
Topical term or geographic name as entry element Respiratory Physiology
9 (RLIN) 3096
942 ## - ADDED ENTRY ELEMENTS (KOHA)
Source of classification or shelving scheme Other/Generic Classification Scheme
Koha item type Open Shelf
Holdings
Withdrawn status Lost status Source of classification or shelving scheme Damaged status Not for loan Home library Current library Date acquired Source of acquisition Inventory number Total Checkouts Full call number Barcode Date last seen Price effective from Koha item type
    Other/Generic Classification Scheme     MUST Main Library MUST Main Library 12/09/2022 purchase 97/11520   WF 102 N923a 1987 2022-7988 12/09/2022 12/09/2022 Open Shelf